[Event "Stockholm op"]
[Site "Stockholm"]
[Date "2014.05.30"]
[Round "6"]
[White "Axelsson, Thomas"]
[Black "Azizi, Haroon"]
[Result "0-1"]
[WhiteElo "1760"]
[BlackElo "2138"]
[PlyCount "80"]
[EventDate "2014.05.28"]
[EventType "swiss"]
[EventRounds "9"]
[EventCountry "SWE"]
[SourceTitle "CBM 160 Extra"]
[Source "ChessBase"]
[SourceDate "2014.07.01"]
[SourceVersion "1"]
[SourceVersionDate "2014.07.01"]
[SourceQuality "1"]

1. e4 Nf6 2. Nc3 d5 3. e5 Ng8 4. d4 e6 5. Nce2 c5 6. c3 Nc6 7. f4 h5 8. Nf3 Nh6 9. g3 Nf5 10. Bh3 g6 11. Bxf5 gxf5 12. h4 b6 13. Kf2 Bb7 14. Be3 Qd7 15. a4 Be7 16. Qc2 Kf8 17. Rhd1 c4 18. b3 cxb3 19. Qxb3 Na5 20. Qc2 Kg7 21. Nd2 Bc6 22. c4 dxc4 23. Nc3 Rhd8 24. Nf3 Bd5 25. Qe2 Nb3 26. Ng5 Rh8 27. Rab1 Rac8 28. Qc2 a6 29. Kg1 b5 30. axb5 axb5 31. Rb2 b4 32. Nxd5 Qxd5 33. Ra2 Na5 34. Rxa5 Qxa5 35. d5 b3 36. Qb2 Bc5 37. Bxc5 Qxc5+ 38. Kg2 Ra8 39. Kh3 Ra2 40. Qc3 Qf2 0-1

[Event "Rilton Cup 42nd"]
[Site "Stockholm"]
[Date "2013.01.05"]
[Round "9"]
[White "Norlin, Egor"]
[Black "Azizi, Haroon"]
[Result "1/2-1/2"]
[WhiteElo "2112"]
[BlackElo "2174"]
[PlyCount "20"]
[EventDate "2012.12.27"]
[EventType "swiss"]
[EventRounds "9"]
[EventCountry "SWE"]
[SourceTitle "CBM 152 Extra"]
[Source "ChessBase"]
[SourceDate "2013.02.25"]
[SourceVersion "1"]
[SourceVersionDate "2013.02.25"]
[SourceQuality "1"]

1. d4 d5 2. c4 Nc6 3. cxd5 Qxd5 4. e3 e5 5. Nc3 Bb4 6. Bd2 Bxc3 7. Bxc3 exd4 8. Ne2 Nge7 9. Nxd4 0-0 10. Qf3 Nxd4 1/2-1/2

[Event "Rilton Cup 42nd"]
[Site "Stockholm"]
[Date "2013.01.04"]
[Round "8"]
[White "Azizi, Haroon"]
[Black "Jonsson, Emil1"]
[Result "1/2-1/2"]
[WhiteElo "2174"]
[BlackElo "2056"]
[PlyCount "48"]
[EventDate "2012.12.27"]
[EventType "swiss"]
[EventRounds "9"]
[EventCountry "SWE"]
[SourceTitle "CBM 152 Extra"]
[Source "ChessBase"]
[SourceDate "2013.02.25"]
[SourceVersion "1"]
[SourceVersionDate "2013.02.25"]
[SourceQuality "1"]

1. e4 d6 2. d4 g6 3. Nc3 Bg7 4. Be3 a6 5. a4 Nd7 6. Qd2 Ngf6 7. f3 c5 8. a5 0-0 9. g4 b5 10. axb6 Qxb6 11. Na4 Qb7 12. Bg2 Rb8 13. Ne2 Nb6 14. Nxb6 Qxb6 15. Rb1 Nd7 16. 0-0 cxd4 17. Nxd4 Qc7 18. b3 Nc5 19. Rfc1 Bb7 20. b4 Ne6 21. c4 Nxd4 22. Bxd4 Rfc8 23. Ba7 Ra8 24. Qf2 Bc6 1/2-1/2

[Event "Stockholm op 08"]
[Site "Stockholm"]
[Date "2012.08.??"]
[Round "8"]
[White "Azizi, Haroon"]
[Black "Hallerod, Ralph"]
[Result "1/2-1/2"]
[WhiteElo "2153"]
[BlackElo "2068"]
[PlyCount "49"]
[EventDate "2012.08.??"]
[EventType "swiss"]
[EventRounds "9"]
[EventCountry "SWE"]
[SourceTitle "EXT 2013"]
[Source "ChessBase"]
[SourceDate "2012.11.22"]
[SourceVersion "1"]
[SourceVersionDate "2012.11.22"]
[SourceQuality "1"]

1. Nf3 c6 2. g3 d5 3. d3 Nf6 4. Nbd2 Bg4 5. Bg2 Nbd7 6. 0-0 e5 7. e4 dxe4 8. dxe4 Bc5 9. h3 Bxf3 10. Qxf3 Qe7 11. a3 a5 12. b3 0-0 13. Bb2 b5 14. Rfe1 Rfd8 15. Nf1 Nf8 16. c3 Ra7 17. b4 Bb6 18. Qe2 Ne6 19. Red1 Rad7 20. Rd2 Rxd2 21. Nxd2 Ne8 22. bxa5 Bxa5 23. Nb3 Bb6 24. a4 Nc5 25. Nxc5 1/2-1/2

[Event "SWE-chT 1112"]
[Site "Sweden"]
[Date "2012.03.11"]
[Round "9"]
[White "Azizi, Haroon"]
[Black "Akvist, Hakan"]
[Result "0-1"]
[WhiteElo "2160"]
[BlackElo "2130"]
[PlyCount "98"]
[EventDate "2011.10.07"]
[EventType "team-tourn"]
[EventRounds "9"]
[EventCountry "SWE"]
[SourceTitle "EXT 2013"]
[Source "ChessBase"]
[SourceDate "2012.11.22"]
[SourceVersion "1"]
[SourceVersionDate "2012.11.22"]
[SourceQuality "1"]
[WhiteTeam "Solna"]
[BlackTeam "Eksjo"]
[WhiteTeamCountry "SWE"]
[BlackTeamCountry "SWE"]

1. d4 e6 2. Nf3 Nf6 3. g3 c5 4. c3 b6 5. Bg2 Bb7 6. 0-0 Be7 7. Re1 0-0 8. Nbd2 cxd4 9. cxd4 d6 10. b3 Nbd7 11. e4 Rc8 12. Bb2 Qc7 13. Rc1 Qb8 14. Ba3 Rxc1 15. Qxc1 Rc8 16. Qb1 Bf8 17. h3 d5 18. Bxf8 dxe4 19. Ba3 exf3 20. Bxf3 Bxf3 21. Nxf3 h6 22. Qd3 Qb7 23. Rc1 Rxc1+ 24. Bxc1 Qd5 25. Qe2 b5 26. Be3 a5 27. Ne1 Ne4 28. Nd3 Nc3 29. Qc2 b4 30. a3 Qf3 31. axb4 axb4 32. Nxb4 Ne2+ 33. Kh2 Nf6 34. Nd3 Nxg3 35. fxg3 Qxe3 36. Ne5 Qxd4 37. Nf3 Qe4 38. Qxe4 Nxe4 39. Kg2 Kf8 40. Nd4 Ke7 41. Kf3 Ng5+ 42. Kg2 Kd6 43. h4 Ne4 44. g4 Kd5 45. Nc2 g5 46. hxg5 hxg5 47. Na3 f5 48. Nc4 f4 49. Kf3 Kd4 0-1

[Event "SWE-chT 1112"]
[Site "Sweden"]
[Date "2012.03.10"]
[Round "8"]
[White "Hamark, Jesper"]
[Black "Azizi, Haroon"]
[Result "1-0"]
[WhiteElo "2338"]
[BlackElo "2160"]
[PlyCount "129"]
[EventDate "2011.10.07"]
[EventType "team-tourn"]
[EventRounds "9"]
[EventCountry "SWE"]
[SourceTitle "EXT 2013"]
[Source "ChessBase"]
[SourceDate "2012.11.22"]
[SourceVersion "1"]
[SourceVersionDate "2012.11.22"]
[SourceQuality "1"]
[WhiteTeam "Kamraterna"]
[BlackTeam "Solna"]
[WhiteTeamCountry "SWE"]
[BlackTeamCountry "SWE"]

1. d4 d5 2. c4 Nc6 3. Nc3 dxc4 4. Nf3 Nf6 5. Bg5 h6 6. Bh4 a6 7. e4 Bg4 8. d5 Ne5 9. Bg3 Nfd7 10. Be2 Nd3+ 11. Bxd3 cxd3 12. Qxd3 Rc8 13. Ne5 Nxe5 14. Bxe5 Bd7 15. 0-0 f6 16. Qg3 g5 17. Bd4 Bg7 18. f4 c5 19. Be3 Qc7 20. Rad1 Qb8 21. Qf2 b6 22. Qe2 0-0 23. Qxa6 b5 24. d6 e6 25. f5 exf5 26. exf5 Kh7 27. Nd5 Rc6 28. Qa3 b4 29. Qb3 Qb5 30. Nc7 c4 31. Qc2 Qe5 32. Bd4 Qxd6 33. Ne6 Qe7 34. Nxf8+ Bxf8 35. Rfe1 Qf7 36. h3 b3 37. axb3 cxb3 38. Qf2 Rc2 39. Rd2 Bb4 40. Bc3 Rxc3 41. bxc3 Bxc3 42. Qc5 Be5 43. Rxe5 fxe5 44. Qc7 Be6 45. Qxf7+ Bxf7 46. Re2 Bd5 47. Kf2 Kg7 48. Ke3 h5 49. g4 hxg4 50. hxg4 Bc6 51. Rb2 Bd5 52. Rd2 Bc6 53. Rd6 Bg2 54. Rb6 e4 55. Rxb3 Bf3 56. Rb6 Kf7 57. Rg6 Bxg4 58. Kxe4 Bd1 59. Rxg5 Kf6 60. Rg6+ Kf7 61. Rb6 Ke7 62. Ke5 Bf3 63. Ra6 Bh5 64. Ra7+ Ke8 65. Kf6 1-0

[Event "Rilton Cup 40th"]
[Site "Stockholm"]
[Date "2011.01.02"]
[Round "6"]
[White "Kudzma, Laimonas"]
[Black "Azizi, Haroon"]
[Result "1-0"]
[WhiteElo "2232"]
[BlackElo "2140"]
[PlyCount "99"]
[EventDate "2010.12.27"]
[EventType "swiss"]
[EventRounds "9"]
[EventCountry "SWE"]
[SourceTitle "CBM 140 Extra"]
[Source "ChessBase"]
[SourceDate "2011.03.01"]
[SourceVersion "1"]
[SourceVersionDate "2011.03.01"]
[SourceQuality "1"]

1. d4 d5 2. Nf3 Nc6 3. Bf4 Bf5 4. e3 a6 5. c4 e6 6. Nc3 Nf6 7. Rc1 Be7 8. h3 0-0 9. a3 h6 10. cxd5 exd5 11. Ne5 Na7 12. Qb3 Rb8 13. Bd3 Be6 14. Na4 Ne8 15. Nc5 Bxc5 16. Rxc5 Nd6 17. Qc2 c6 18. 0-0 Nac8 19. b4 Ne7 20. a4 Rc8 21. Rb1 f6 22. Nf3 Nc4 23. Bxc4 dxc4 24. a5 Nd5 25. Bh2 Qd7 26. Rxc4 Rce8 27. e4 Ne7 28. d5 Bf7 29. d6 Ng6 30. Rc5 Re6 31. Nd4 Rxd6 32. Bxd6 Qxd6 33. Nf5 Qb8 34. Rd1 Be6 35. Qd2 Bb3 36. Qd7 Bf7 37. Qd6 Qe8 38. f3 Be6 39. Ne3 Ne5 40. f4 Nf7 41. Qc7 Bxh3 42. gxh3 Qxe4 43. Ng2 Qxb4 44. Qb6 Qa3 45. Rc2 Qxh3 46. Qxb7 Qg4 47. Qd7 f5 48. Rxc6 Kh7 49. Rd5 Nd8 50. Qe7 1-0

[Event "Rilton Cup 40th"]
[Site "Stockholm"]
[Date "2010.12.30"]
[Round "4"]
[White "Azizi, Haroon"]
[Black "Bazeev, German"]
[Result "1-0"]
[WhiteElo "2140"]
[BlackElo "2334"]
[PlyCount "90"]
[EventDate "2010.12.27"]
[EventType "swiss"]
[EventRounds "9"]
[EventCountry "SWE"]
[SourceTitle "CBM 140 Extra"]
[Source "ChessBase"]
[SourceDate "2011.03.01"]
[SourceVersion "1"]
[SourceVersionDate "2011.03.01"]
[SourceQuality "1"]

1. e4 c5 2. Nf3 Nc6 3. d4 cxd4 4. Nxd4 Nf6 5. Nc3 d6 6. Be2 e5 7. Nb3 Be7 8. Be3 0-0 9. 0-0 a5 10. a4 Nb4 11. Bf3 b6 12. Bg5 Be6 13. Re1 Rc8 14. Nd2 h6 15. Bh4 Qd7 16. Nf1 g5 17. Bg3 Rc4 18. Ne3 Rd4 19. Qb1 Rc8 20. h3 h5 21. Be2 h4 22. Bh2 g4 23. hxg4 Nxg4 24. Ncd5 Nxe3 25. Nxe3 Nxc2 26. Nxc2 Rd2 27. Ne3 Bg5 28. Nf1 Rd4 29. Bb5 Qe7 30. Ra3 Bg4 31. Rc3 Rc5 32. Qc2 Qb7 33. f3 Be6 34. Kh1 f6 35. Bg1 h3 36. Bxd4 exd4 37. Rxc5 bxc5 38. Bc4 Qd7 39. Bxe6+ Qxe6 40. b3 Kf8 41. Qc4 Qe5 42. g3 Bh6 43. Qd5 Qe7 44. Qh5 Kg7 45. Kh2 Qb7 1-0

[Event "SWE-chC op"]
[Site "Lund"]
[Date "2010.07.06"]
[Round "4"]
[White "Hedin, Gunnar"]
[Black "Azizi, Haroon"]
[Result "0-1"]
[WhiteElo "2120"]
[BlackElo "2148"]
[PlyCount "71"]
[EventDate "2010.07.03"]
[EventType "swiss"]
[EventRounds "9"]
[EventCountry "SWE"]
[SourceTitle "CBM 137 Extra"]
[Source "ChessBase"]
[SourceDate "2010.09.01"]
[SourceVersion "1"]
[SourceVersionDate "2010.09.01"]
[SourceQuality "1"]

1. d4 d5 2. c4 Nc6 3. Nc3 dxc4 4. Nf3 Nf6 5. Bg5 h6 6. Bxf6 exf6 7. e3 Bd6 8. Bxc4 0-0 9. 0-0 a6 10. h3 f5 11. a3 Bd7 12. Re1 Rb8 13. Bf1 Re8 14. g3 Ne7 15. Nd2 c6 16. Bg2 Be6 17. Qc2 Rc8 18. Rad1 Qb6 19. Na4 Qc7 20. Nc5 Bd5 21. Nc4 Bxg2 22. Kxg2 Rb8 23. Rc1 g6 24. Nd3 Nd5 25. Nxd6 Qxd6 26. Qe2 Kg7 27. Qf3 Re7 28. Nf4 Nf6 29. Rc2 Rbe8 30. Rec1 Ne4 31. Ne2 Ng5 32. Qf4 Qd5+ 33. f3 Rxe3 34. Ng1 Nxf3 35. Nxf3 g5 36. Qc7 0-1

[Event "SWE-chB"]
[Site "Kungsor"]
[Date "2009.07.11"]
[Round "13"]
[White "Azizi, Haroon"]
[Black "Nygren, David"]
[Result "1/2-1/2"]
[WhiteElo "2162"]
[BlackElo "2144"]
[PlyCount "39"]
[EventDate "2009.06.28"]
[EventType "tourn"]
[EventRounds "13"]
[EventCountry "SWE"]
[SourceTitle "EXT 2024"]
[Source "ChessBase"]
[SourceDate "2023.10.10"]
[SourceVersion "1"]
[SourceVersionDate "2023.10.10"]
[SourceQuality "1"]

1. d4 Nf6 2. Nc3 d5 3. Bg5 c5 4. Bxf6 gxf6 5. e4 dxe4 6. dxc5 f5 7. Qh5 Qa5 8. Nh3 Bg7 9. 0-0-0 Be6 10. Nf4 Bxa2 11. Qxf5 0-0 12. Nxe4 Nc6 13. Nh5 Nd4 14. Nhf6+ exf6 15. Rxd4 Qe1+ 16. Rd1 Bh6+ 17. f4 Qe3+ 18. Rd2 Qe1+ 19. Rd1 Qe3+ 20. Rd2 1/2-1/2

[Event "SWE-chB"]
[Site "Kungsor"]
[Date "2009.07.06"]
[Round "8"]
[White "Azizi, Haroon"]
[Black "Logdahl, Harald"]
[Result "1/2-1/2"]
[WhiteElo "2162"]
[BlackElo "2310"]
[PlyCount "94"]
[EventDate "2009.06.28"]
[EventType "tourn"]
[EventRounds "13"]
[EventCountry "SWE"]
[SourceTitle "EXT 2024"]
[Source "ChessBase"]
[SourceDate "2023.10.10"]
[SourceVersion "1"]
[SourceVersionDate "2023.10.10"]
[SourceQuality "1"]

1. e4 Nf6 2. e5 Nd5 3. d4 d6 4. Nf3 g6 5. Be2 Bg7 6. 0-0 0-0 7. c4 Nb6 8. exd6 cxd6 9. h3 Nc6 10. Nc3 Bf5 11. Be3 d5 12. cxd5 Nxd5 13. Qd2 Nxc3 14. bxc3 Qa5 15. Bh6 Rfd8 16. Bxg7 Kxg7 17. Qe3 e5 18. Nxe5 Nxe5 19. dxe5 Rd5 20. f4 Rad8 21. Rf2 h5 22. c4 Qc5 23. Qxc5 Rxc5 24. Bf1 h4 25. a4 Rc7 26. a5 Rcd7 27. Ra3 Rd1 28. g4 hxg3 29. Rxg3 Ra1 30. Kh2 Rxa5 31. Bg2 Rc5 32. Bxb7 Rxc4 33. Ra3 Rdd4 34. Bg2 Ra4 35. Rfa2 Bd7 36. Rxa4 Rxa4 37. Rd2 Be6 38. Kg3 Ra3+ 39. Kf2 Ra2 40. Rxa2 Bxa2 41. Ke3 Be6 42. h4 a5 43. Bf3 a4 44. Kd4 a3 45. Kc3 a2 46. Kb2 Kh6 47. Be2 Bd5 1/2-1/2

[Event "SWE-chB"]
[Site "Kungsor"]
[Date "2009.07.02"]
[Round "5"]
[White "Vas, Peter1"]
[Black "Azizi, Haroon"]
[Result "1-0"]
[WhiteElo "2232"]
[BlackElo "2162"]
[PlyCount "109"]
[EventDate "2009.06.28"]
[EventType "tourn"]
[EventRounds "13"]
[EventCountry "SWE"]
[SourceTitle "EXT 2024"]
[Source "ChessBase"]
[SourceDate "2023.10.10"]
[SourceVersion "1"]
[SourceVersionDate "2023.10.10"]
[SourceQuality "1"]

1. e4 Nf6 2. e5 Nd5 3. d4 d6 4. c4 Nb6 5. f4 dxe5 6. fxe5 Nc6 7. Be3 Bf5 8. Nc3 e6 9. Be2 Be7 10. Nf3 0-0 11. 0-0 f6 12. exf6 Bxf6 13. Qd2 Qd7 14. Rad1 Rad8 15. Kh1 Kh8 16. Bg1 h6 17. Qe3 Qe8 18. Ne4 Nd7 19. Nxf6 Nxf6 20. Ne5 a5 21. Bf3 Rb8 22. h3 Ne7 23. g4 Bh7 24. Bh2 b5 25. b3 a4 26. Rde1 axb3 27. axb3 bxc4 28. bxc4 Qa4 29. Ra1 Qb3 30. Qxb3 Rxb3 31. Bg2 Rc8 32. Rfe1 Ne8 33. Nd7 Bg8 34. Nc5 Rb2 35. Nxe6 Ng6 36. Bc6 Nd6 37. c5 Nb5 38. d5 Nh4 39. Be5 Rb3 40. Bxb5 Rxb5 41. Bxg7+ Kh7 42. Bf6 Nf3 43. Re3 Nd2 44. Nf4 Bf7 45. d6 cxd6 46. cxd6 Rb7 47. Rd3 Ne4 48. d7 Rd8 49. Bxd8 Nf2+ 50. Kh2 Nxd3 51. Nxd3 Rxd7 52. Ne5 Rxd8 53. Nxf7 Rd5 54. Re1 h5 55. Kg3 1-0

[Event "SWE-chB"]
[Site "Kungsor"]
[Date "2009.06.30"]
[Round "3"]
[White "Landgren, Andreas"]
[Black "Azizi, Haroon"]
[Result "1/2-1/2"]
[WhiteElo "2184"]
[BlackElo "2162"]
[PlyCount "93"]
[EventDate "2009.06.28"]
[EventType "tourn"]
[EventRounds "13"]
[EventCountry "SWE"]
[SourceTitle "EXT 2024"]
[Source "ChessBase"]
[SourceDate "2023.10.10"]
[SourceVersion "1"]
[SourceVersionDate "2023.10.10"]
[SourceQuality "1"]

1. d4 d5 2. c4 Nc6 3. cxd5 Qxd5 4. e3 e5 5. Nc3 Bb4 6. Bd2 Bxc3 7. Bxc3 exd4 8. Ne2 Nge7 9. Nxd4 Nxd4 10. Qxd4 Qxd4 11. Bxd4 0-0 12. Bc4 Be6 13. Bxe6 fxe6 14. Rc1 Nc6 15. Bc3 Rad8 16. Ke2 a5 17. h4 Rd7 18. Rcd1 Rfd8 19. Rxd7 Rxd7 20. h5 Kf7 21. Rh4 Kf8 22. h6 g6 23. Bg7+ Kg8 24. Re4 Re7 25. a3 Re8 26. Kd3 Rd8+ 27. Kc4 Rd6 28. Rf4 Rd8 29. Rf6 Ne5+ 30. Kb5 Rd5+ 31. Ka4 Nd7 32. Rf3 Nb6+ 33. Kb3 Rb5+ 34. Ka2 Rf5 35. Rxf5 gxf5 36. Kb3 c6 37. Bc3 Nd7 38. Bxa5 Kf7 39. Bc3 e5 40. Bd2 b5 41. Kb4 Ke6 42. b3 Kd5 43. a4 Nc5 44. f3 Na6+ 45. Kc3 b4+ 46. Kd3 e4+ 47. fxe4+ 1/2-1/2

[Event "Rilton Cup 35th"]
[Site "Stockholm"]
[Date "2005.12.31"]
[Round "5"]
[White "Stokke, Kjetil"]
[Black "Azizi, Haroon"]
[Result "1-0"]
[WhiteElo "2293"]
[BlackElo "2145"]
[PlyCount "55"]
[EventDate "2005.12.27"]
[EventType "swiss"]
[EventRounds "9"]
[EventCountry "SWE"]
[SourceTitle "CBM 110 Extra"]
[Source "ChessBase"]
[SourceDate "2006.03.10"]
[SourceVersion "2"]
[SourceVersionDate "2006.03.10"]
[SourceQuality "1"]

1. e4 Nf6 2. e5 Nd5 3. d4 d6 4. Nf3 Bg4 5. Be2 e6 6. h3 Bh5 7. c4 Nb6 8. exd6 cxd6 9. Nc3 Be7 10. d5 e5 11. g4 Bg6 12. h4 h5 13. g5 Na6 14. Be3 Bf5 15. Nd2 g6 16. Nde4 Rc8 17. b3 Kf8 18. Qd2 Kg8 19. f4 exf4 20. Bd4 Nd7 21. Qxf4 Nb4 22. Bxh8 Kxh8 23. 0-0 Ne5 24. Rad1 b6 25. Nb5 a5 26. Rd2 Na6 27. Na7 Nc5 28. Nxc5 1-0

[Event "Rilton Cup 34th"]
[Site "Stockholm"]
[Date "2005.01.05"]
[Round "9"]
[White "Azizi, Haroon"]
[Black "Hagberg, Martin"]
[Result "1-0"]
[WhiteElo "2124"]
[BlackElo "2203"]
[PlyCount "62"]
[EventDate "2004.12.27"]
[EventType "swiss"]
[EventRounds "9"]
[EventCountry "SWE"]
[SourceTitle "CBM 104 Extra"]
[Source "ChessBase"]
[SourceDate "2005.03.01"]
[SourceVersion "1"]
[SourceVersionDate "2005.03.01"]
[SourceQuality "1"]

1. e4 e6 2. d3 d5 3. Nd2 Nf6 4. Ngf3 dxe4 5. dxe4 Bc5 6. Bd3 Ng4 7. 0-0 Nd7 8. Nc4 c6 9. Bf4 Nb6 10. Ncd2 Qe7 11. a3 e5 12. Bg3 f6 13. b4 Bd6 14. c4 c5 15. Nb3 Be6 16. Nfd2 Na4 17. Qc2 h5 18. h4 g5 19. Nf3 Rc8 20. Rfd1 Rg8 21. Bf1 Nb6 22. Rac1 cxb4 23. c5 Qf7 24. Rxd6 Bxb3 25. Qd2 Nc4 26. Bxc4 Bxc4 27. Qxb4 Be6 28. Rcd1 gxh4 29. Nxh4 Ne3 30. R1d3 Nc4 31. Qb5+ Kf8 1-0

[Event "Rilton Cup 34th"]
[Site "Stockholm"]
[Date "2004.12.27"]
[Round "1"]
[White "Ernst, Thomas"]
[Black "Azizi, Haroon"]
[Result "1/2-1/2"]
[WhiteElo "2463"]
[BlackElo "2124"]
[PlyCount "137"]
[EventDate "2004.12.27"]
[EventType "swiss"]
[EventRounds "9"]
[EventCountry "SWE"]
[SourceTitle "CBM 104 Extra"]
[Source "ChessBase"]
[SourceDate "2005.03.01"]
[SourceVersion "1"]
[SourceVersionDate "2005.03.01"]
[SourceQuality "1"]

1. e4 Nf6 2. e5 Nd5 3. d4 d6 4. Nf3 Bg4 5. Be2 e6 6. 0-0 Be7 7. h3 Bh5 8. c4 Nb6 9. Nc3 0-0 10. Be3 Nc6 11. exd6 cxd6 12. d5 Bxf3 13. Bxf3 Ne5 14. dxe6 fxe6 15. Bg4 Rf6 16. b3 Nxg4 17. Qxg4 Nd7 18. Rad1 Rg6 19. Qe4 Qc8 20. Bf4 Nf6 21. Qf3 e5 22. Nd5 Bf8 23. Be3 Kh8 24. Kh1 Qc6 25. a4 a6 26. Rd2 Rc8 27. Rfd1 Kg8 28. Qf5 Re8 29. Nxf6+ Rxf6 30. Qd3 h6 31. Kg1 Kf7 32. Qd5+ Rfe6 33. Rd3 Kg8 34. Bc1 Qxd5 35. cxd5 R6e7 36. Rc3 Rd7 37. Be3 Be7 38. Rdc1 Bf6 39. Rc7 Ree7 40. Rxd7 Rxd7 41. Kf1 Bd8 42. Ke2 Rc7 43. Kd3 Rxc1 44. Bxc1 b6 45. Ke4 Kf7 46. g4 Kf6 47. h4 g5 48. h5 Bc7 49. Be3 Bd8 50. f3 Bc7 51. a5 bxa5 52. Ba7 Kg7 53. Kf5 Kf7 54. Be3 Bd8 55. Bf2 Bc7 56. Ba7 Bd8 57. Bb8 Be7 58. Bc7 Bf8 59. Bxa5 Be7 60. Bc7 Bf8 61. Bd8 Bg7 62. Bxg5 hxg5 63. Kxg5 e4 64. fxe4 Bc3 65. Kf5 Kg7 66. g5 a5 67. Ke6 Be5 68. Kf5 Bc3 69. Ke6 1/2-1/2

[Event "Hallstahammar op"]
[Site "Hallstahammar"]
[Date "2004.09.12"]
[Round "8"]
[White "Marttala, Thomas"]
[Black "Azizi, Haroon"]
[Result "1-0"]
[WhiteElo "2296"]
[BlackElo "2179"]
[PlyCount "83"]
[EventDate "2004.09.10"]
[EventType "swiss"]
[EventRounds "8"]
[EventCountry "SWE"]
[SourceTitle "EXT 2005"]
[Source "ChessBase"]
[SourceDate "2004.11.15"]
[SourceVersion "1"]
[SourceVersionDate "2004.11.15"]
[SourceQuality "1"]

1. e4 Nf6 2. e5 Nd5 3. d4 d6 4. Bc4 dxe5 5. dxe5 c6 6. Nc3 Be6 7. Nf3 Qa5 8. Bd2 Qc5 9. Be2 Nxc3 10. Bxc3 Bd5 11. Qd2 e6 12. 0-0 Bxf3 13. Bxf3 Qe7 14. a4 Qc7 15. a5 Na6 16. Ra4 Be7 17. Rg4 g6 18. b4 Rd8 19. Qe3 Qb8 20. Rb1 Nc7 21. Bd4 a6 22. c4 h5 23. Re4 Kf8 24. h3 Rd7 25. Ba7 Qc8 26. Rd4 Rxd4 27. Bxd4 Kg7 28. Bc3 Rd8 29. Be4 Rd7 30. Kf1 Ne8 31. Ke2 Kg8 32. g4 hxg4 33. hxg4 Bf8 34. f4 Bg7 35. Rh1 Qc7 36. Bd4 Qd8 37. Bb6 Qe7 38. Bc5 Qd8 39. g5 Nc7 40. Bd3 Re7 41. Qh3 Kf8 42. Qh8+ 1-0

[Event "Hallstahammar op"]
[Site "Hallstahammar"]
[Date "2004.09.11"]
[Round "5"]
[White "Malmstig, Erik"]
[Black "Azizi, Haroon"]
[Result "1-0"]
[WhiteElo "2310"]
[BlackElo "2179"]
[PlyCount "117"]
[EventDate "2004.09.10"]
[EventType "swiss"]
[EventRounds "8"]
[EventCountry "SWE"]
[SourceTitle "EXT 2005"]
[Source "ChessBase"]
[SourceDate "2004.11.15"]
[SourceVersion "1"]
[SourceVersionDate "2004.11.15"]
[SourceQuality "1"]

1. d4 d5 2. Nf3 Nc6 3. Bf4 Bf5 4. e3 a6 5. c4 dxc4 6. Bxc4 e6 7. Nc3 Nf6 8. 0-0 Bd6 9. Bg5 Be7 10. h3 0-0 11. Rc1 Ne4 12. Bxe7 Qxe7 13. Nxe4 Bxe4 14. Nd2 Bg6 15. f4 Rfd8 16. a3 Rd7 17. Nb3 Rd6 18. Qf3 Qe8 19. Rf2 Rb8 20. Bf1 f6 21. Nc5 Kh8 22. b4 Nd8 23. g3 c6 24. Bc4 Qe7 25. g4 f5 26. g5 Qe8 27. Be2 Rd5 28. h4 Qf8 29. Rh2 Be8 30. h5 Qe7 31. h6 g6 32. Bc4 Nf7 33. Rhc2 Nd6 34. Bb3 Rd8 35. Nd3 Ne4 36. Bxd5 exd5 37. Ne5 Kg8 38. Qe2 Kf8 39. Qd3 Ra8 40. Qb3 Nd6 41. a4 Rd8 42. Qb2 Bf7 43. Rc5 Be8 44. Qa3 Ra8 45. Rb1 Kg8 46. Qc1 Ne4 47. Rc2 Nd6 48. b5 axb5 49. axb5 Nxb5 50. Rxb5 cxb5 51. Rc7 Ra1 52. Rxe7 Rxc1+ 53. Kf2 Rc2+ 54. Ke1 Rc8 55. Rxb7 Ra8 56. Kd2 Ra2+ 57. Kc3 Ra3+ 58. Kb4 Rxe3 59. Re7 1-0

[Event "Rilton Cup 33rd"]
[Site "Stockholm"]
[Date "2003.12.30"]
[Round "4"]
[White "Johansson, Kent"]
[Black "Azizi, Haroon"]
[Result "1/2-1/2"]
[WhiteElo "2027"]
[BlackElo "2122"]
[PlyCount "122"]
[EventDate "2003.12.27"]
[EventType "swiss"]
[EventRounds "9"]
[EventCountry "SWE"]
[SourceTitle "CBM 097 Extra"]
[Source "ChessBase"]
[SourceDate "2004.01.13"]
[SourceVersion "1"]
[SourceVersionDate "2004.01.13"]
[SourceQuality "1"]

1. d4 d5 2. c4 Nc6 3. cxd5 Qxd5 4. e3 e5 5. Nc3 Bb4 6. a3 Bxc3+ 7. bxc3 exd4 8. cxd4 Nge7 9. Nf3 Bg4 10. Be2 0-0-0 11. 0-0 h5 12. Qc2 Bf5 13. Qc3 Be4 14. Ne1 g5 15. f3 Bg6 16. Bc4 Qd6 17. Bb2 Nd5 18. Qd2 Rhe8 19. Bxd5 Qxd5 20. e4 Qb5 21. d5 g4 22. Rc1 gxf3 23. gxf3 f5 24. Qf2 Ne7 25. a4 Qa5 26. Rc4 fxe4 27. fxe4 Rg8 28. Ng2 Kb8 29. Qf4 Nc8 30. Bc3 Qb6+ 31. Bd4 Qa5 32. Rc5 Qxa4 33. Qxc7+ Ka8 34. Rc4 Bxe4 35. Bg7 Qxc4 36. Qxc4 Bxd5 37. Qc7 Rde8 38. Re1 Rd8 39. Kf2 Nb6 40. Ne3 Rc8 41. Qe5 Bc6 42. Ra1 a6 43. Qd4 Nd7 44. Nf5 Rcd8 45. Qc4 Nb8 46. Rg1 Bb5 47. Qb4 Nc6 48. Qc5 Rd2+ 49. Kf3 Rgd8 50. Ne3 Be2+ 51. Kf4 Ra2 52. Ra1 Rad2 53. Ra4 R2d7 54. Nf5 Bd3 55. Rd4 Bxf5 56. Rxd7 Bxd7 57. Bd4 Bg4 58. Bf6 Rc8 59. Qb6 Na7 60. Bd4 Nb5 61. Be5 Rf8+ 1/2-1/2

[Event "Rilton Cup 33rd"]
[Site "Stockholm"]
[Date "2003.12.28"]
[Round "2"]
[White "Azizi, Haroon"]
[Black "Malysheva, Polina"]
[Result "0-1"]
[WhiteElo "2122"]
[BlackElo "2157"]
[PlyCount "70"]
[EventDate "2003.12.27"]
[EventType "swiss"]
[EventRounds "9"]
[EventCountry "SWE"]
[SourceTitle "CBM 097 Extra"]
[Source "ChessBase"]
[SourceDate "2004.01.13"]
[SourceVersion "1"]
[SourceVersionDate "2004.01.13"]
[SourceQuality "1"]

1. Nf3 d5 2. g3 c5 3. Bg2 Nc6 4. d3 Nf6 5. Nbd2 e5 6. e4 Be7 7. 0-0 0-0 8. Re1 d4 9. Nc4 Qc7 10. a4 Ne8 11. h3 Bd7 12. Bd2 Rc8 13. Nh2 Nd6 14. Na3 b6 15. f4 exf4 16. gxf4 a6 17. b3 f5 18. e5 Nb7 19. Nf3 Nbd8 20. Qe2 Ne6 21. h4 Ncd8 22. Rf1 b5 23. axb5 axb5 24. Ng5 Bc6 25. Bxc6 Qxc6 26. Qg2 Qd7 27. Kh2 h6 28. Nf3 Rc7 29. Rg1 Ra7 30. Rgb1 c4 31. Nxb5 Rxa1 32. Rxa1 Qxb5 33. dxc4 Qc6 34. Ra7 Bc5 35. b4 Bxa7 0-1

[Event "SWE-ch Master Elite"]
[Site "Skara"]
[Date "2002.07.02"]
[Round "3"]
[White "Couso, Luis"]
[Black "Azizi, Haroon"]
[Result "1/2-1/2"]
[WhiteElo "2345"]
[BlackElo "2181"]
[PlyCount "55"]
[EventDate "2002.06.30"]
[EventType "tourn"]
[EventRounds "13"]
[EventCountry "SWE"]
[EventCategory "3"]
[SourceTitle "CBM 089 Extra"]
[Source "ChessBase"]
[SourceDate "2002.09.10"]
[SourceVersion "2"]
[SourceVersionDate "2002.09.10"]
[SourceQuality "1"]

1. e4 Nf6 2. e5 Nd5 3. d4 d6 4. Nf3 Bg4 5. Be2 e6 6. 0-0 Be7 7. c4 Nb6 8. exd6 cxd6 9. Nc3 0-0 10. h3 Bh5 11. b3 Nc6 12. Be3 d5 13. c5 Nc8 14. b4 a6 15. Rb1 h6 16. a4 Bf6 17. b5 Na5 18. bxa6 bxa6 19. Nh2 Bxe2 20. Qxe2 Nc4 21. Rb4 Ne7 22. Ng4 Bg5 23. Bxg5 hxg5 24. Rb7 Nf5 25. Qd3 Na5 26. Rb6 Nc4 27. Rb7 Na5 28. Rb6 1/2-1/2